<?xml version="1.0" encoding="UTF-8"?>
<record
    xmlns:xsi="http://www.w3.org/2001/XMLSchema-instance"
    xsi:schemaLocation="http://www.loc.gov/MARC21/slim http://www.loc.gov/standards/marcxml/schema/MARC21slim.xsd"
    xmlns="http://www.loc.gov/MARC21/slim">

  <leader>02299nam a22001937a 4500</leader>
  <controlfield tag="005">20250703152512.0</controlfield>
  <controlfield tag="008">250630b        |||||||| |||| 00| 0 eng d</controlfield>
  <datafield tag="040" ind1=" " ind2=" ">
    <subfield code="c">AL</subfield>
  </datafield>
  <datafield tag="041" ind1=" " ind2=" ">
    <subfield code="a">Kannada</subfield>
  </datafield>
  <datafield tag="082" ind1=" " ind2=" ">
    <subfield code="a">K894.3</subfield>
    <subfield code="b">PUTU</subfield>
  </datafield>
  <datafield tag="100" ind1=" " ind2=" ">
    <subfield code="a">B Puttasvamayya.  &#xCAC;&#xCBF; &#xCAA;&#xCC1;&#xC9F;&#xCCD;&#xC9F;&#xCB8;&#xCCD;&#xCB5;&#xCBE;&#xCAE;&#xCAF;&#xCCD;&#xCAF; </subfield>
    <subfield code="9">217097</subfield>
  </datafield>
  <datafield tag="245" ind1=" " ind2=" ">
    <subfield code="a">Udayaravi</subfield>
    <subfield code="b">&#xC89;&#xCA6;&#xCAF;&#xCB0;&#xCB5;&#xCBF; </subfield>
  </datafield>
  <datafield tag="260" ind1=" " ind2=" ">
    <subfield code="a">Bangalore</subfield>
    <subfield code="b">Basava Samithi</subfield>
    <subfield code="c">2003</subfield>
  </datafield>
  <datafield tag="300" ind1=" " ind2=" ">
    <subfield code="a">lxx,202p.</subfield>
    <subfield code="b">PB</subfield>
    <subfield code="c">21.5x14 cm</subfield>
  </datafield>
  <datafield tag="365" ind1=" " ind2=" ">
    <subfield code="b">&#x20B9;500.00</subfield>
    <subfield code="c">&#x20B9;</subfield>
    <subfield code="d">&#x20B9;500.00</subfield>
  </datafield>
  <datafield tag="520" ind1=" " ind2=" ">
    <subfield code="a">&#xC88; &#xC95;&#xCBE;&#xCA6;&#xC82;&#xCAC;&#xCB0;&#xCBF;&#xC97;&#xCB3; &#xCAE;&#xCC1;&#xC96;&#xCCD;&#xCAF; &#xC95;&#xCA5;&#xCBE;&#xCB5;&#xCB8;&#xCCD;&#xCA4;&#xCC1; &#xCAC;&#xCB8;&#xCB5;&#xCA3;&#xCCD;&#xCA3;&#xCA8;&#xCB5;&#xCB0; &#xCAC;&#xCB9;&#xCC1;&#xCAE;&#xCC1;&#xC96; &#xCB5;&#xCCD;&#xCAF;&#xC95;&#xCCD;&#xCA4;&#xCBF;&#xCA4;&#xCCD;&#xCB5; &#xCB9;&#xCBE;&#xC97;&#xCC2; &#xCB6;&#xCB0;&#xCA3;&#xCB0; &#xC9A;&#xCB3;&#xCC1;&#xCB5;&#xCB3;&#xCBF;&#xCAF; &#xCB5;&#xCBF;&#xCB5;&#xCBF;&#xCA7; &#xCAE;&#xCC1;&#xC96;&#xC97;&#xCB3;&#xCA8;&#xCCD;&#xCA8;&#xCC1; &#xC9A;&#xCBF;&#xCA4;&#xCCD;&#xCB0;&#xCBF;&#xCB8;&#xCC1;&#xCB5;&#xCA6;&#xCBE;&#xC97;&#xCBF;&#xCA6;&#xCCD;&#xCA6;&#xCB0;&#xCC2; &#xC87;&#xCB5;&#xCC1; &#xCB9;&#xCA8;&#xCCD;&#xCA8;&#xCC6;&#xCB0;&#xCA1;&#xCA8;&#xCC6;&#xCAF; &#xCB6;&#xCA4;&#xCAE;&#xCBE;&#xCA8;&#xCA6; &#xC9C;&#xCA8;&#xC9C;&#xCC0;&#xCB5;&#xCA8;&#xCA6; &#xCB5;&#xCBF;&#xCB5;&#xCBF;&#xCA7; &#xCAE;&#xCC1;&#xC96;&#xC97;&#xCB3; &#xCB5;&#xCBF;&#xCB6;&#xCCD;&#xCB5;&#xC95;&#xCCB;&#xCB6;&#xCA6;&#xC82;&#xCA4;&#xCBF;&#xCA6;&#xCC6;. &#xC87;&#xCB5;&#xCC1;&#xC97;&#xCB3;&#xCB2;&#xCCD;&#xCB2;&#xCBF; &#xCB6;&#xCB0;&#xCA3; &#xC9A;&#xCB3;&#xCC1;&#xCB5;&#xCB3;&#xCBF;&#xCAF; &#xCB8;&#xCAE;&#xC97;&#xCCD;&#xCB0; &#xC9A;&#xCB0;&#xCBF;&#xCA4;&#xCCD;&#xCB0;&#xCC6; &#xCB5;&#xCBE;&#xCB8;&#xCCD;&#xCA4;&#xCB5;&#xCBF;&#xC95; &#xCB9;&#xCBE;&#xC97;&#xCC2; &#xC90;&#xCA4;&#xCBF;&#xCB9;&#xCBE;&#xCB8;&#xCBF;&#xC95; &#xCB9;&#xCBF;&#xCA8;&#xCCD;&#xCA8;&#xCC6;&#xCB2;&#xCC6;&#xCAF;&#xCB2;&#xCCD;&#xCB2;&#xCBF; &#xCB0;&#xCB8;&#xCB5;&#xCA4;&#xCCD;&#xCA4;&#xCBE;&#xCA6; &#xCA8;&#xCBE;&#xC9F;&#xC95;&#xCC0;&#xCAF; &#xCB6;&#xCC8;&#xCB2;&#xCBF;&#xCAF;&#xCB2;&#xCCD;&#xCB2;&#xCBF; &#xCAE;&#xCC2;&#xCA1;&#xCBF;&#xCAC;&#xC82;&#xCA6;&#xCC1; &#xC93;&#xCA6;&#xCC1;&#xC97;&#xCB0; &#xCAE;&#xCA8;&#xCB8;&#xCCD;&#xCB8;&#xCA8;&#xCCD;&#xCA8;&#xCC1; &#xCB8;&#xCC2;&#xCB0;&#xCC6;&#xC97;&#xCCA;&#xCB3;&#xCCD;&#xCB3;&#xCC1;&#xCA4;&#xCCD;&#xCA4;&#xCA6;&#xCC6;. &#xC87;&#xCB5;&#xCB0;&#xCC1; &#xC88; &#xC95;&#xCBE;&#xCA6;&#xC82;&#xCAC;&#xCB0;&#xCBF;&#xC97;&#xCB3;&#xCA8;&#xCCD;&#xCA8;&#xCC1; &#xCAC;&#xCB0;&#xCC6;&#xCAF;&#xCB2;&#xCC1; &#xC92;&#xC82;&#xCA6;&#xCC1; &#xCB8;&#xCBE;&#xCB5;&#xCBF;&#xCB0; &#xCB6;&#xCBE;&#xCB8;&#xCA8;&#xC97;&#xCB3;&#xCA8;&#xCCD;&#xCA8;&#xCC1; &#xC93;&#xCA6;&#xCBF;&#xCA6;&#xCCD;&#xCA6;&#xCB0;&#xCC6;&#xC82;&#xCA6;&#xCC1; &#xCA4;&#xCBF;&#xCB3;&#xCBF;&#xCA6;&#xCC1;&#xCAC;&#xC82;&#xCA6;&#xCBF;&#xCA6;&#xCC6;.
&#xC88; &#xC95;&#xCBE;&#xCA6;&#xC82;&#xCAC;&#xCB0;&#xCBF;&#xCAF;&#xCA8;&#xCCD;&#xCA8;&#xCC1; &#xC93;&#xCA6;&#xCC1;&#xCB5;&#xCBE;&#xC97; &#xCA8;&#xCBE;&#xCB5;&#xCC1; &#xCB9;&#xCA8;&#xCCD;&#xCA8;&#xCC6;&#xCB0;&#xCA1;&#xCA8;&#xCC6;&#xCAF; &#xCB6;&#xCA4;&#xCAE;&#xCBE;&#xCA8;&#xC95;&#xCCD;&#xC95;&#xCC6; &#xCB9;&#xCCB;&#xC97;&#xCBF;, &#xC86; &#xC95;&#xCBE;&#xCB2;&#xCA6; &#xCB0;&#xCBE;&#xC9C;&#xC95;&#xCC0;&#xCAF;, &#xCB0;&#xCBE;&#xC9C;&#xCA4;&#xCBE;&#xC82;&#xCA4;&#xCCD;&#xCB0;&#xCBF;&#xC95;, &#xCA7;&#xCBE;&#xCB0;&#xCCD;&#xCAE;&#xCBF;&#xC95;, &#xCB8;&#xCBE;&#xCAE;&#xCBE;&#xC9C;&#xCBF;&#xC95;, &#xC86;&#xCB0;&#xCCD;&#xCA5;&#xCBF;&#xC95; &#xCB9;&#xCBE;&#xC97;&#xCC2; &#xCB8;&#xCBE;&#xC82;&#xCB8;&#xCCD;&#xC95;&#xCC3;&#xCA4;&#xCBF;&#xC95; &#xCAE;&#xCC1;&#xC96;&#xC97;&#xCB3; &#xC85;&#xCA8;&#xCC1;&#xCAD;&#xCB5;&#xCB5;&#xCA8;&#xCCD;&#xCA8;&#xCC1; &#xCB8;&#xCCD;&#xCB5;&#xCA4;&#xC83; &#xC85;&#xCA8;&#xCC1;&#xCAD;&#xCB5;&#xCBF;&#xCB8;&#xCC1;&#xCB5;&#xC82;&#xCA4;&#xCC6; . &#xCAD;&#xCBE;&#xCB8;&#xCB5;&#xCBE;&#xC97;&#xCC1;&#xCA4;&#xCCD;&#xCA4;&#xCC6;&#xCA6;&#xCC6;. &#xC88; &#xC95;&#xCBE;&#xCA6;&#xC82;&#xCAC;&#xCB0;&#xCBF;&#xCAF;&#xCB2;&#xCCD;&#xCB2;&#xCBF; &#xCB5;&#xCBF;&#xCA8;&#xCBF;&#xCA6;&#xCC6;? &#xCB5;&#xCBF;&#xCA8;&#xCBF;&#xCB2;&#xCCD;&#xCB2;?&#xCAF;&#xCC6;&#xC82;&#xCA6;&#xCC1; &#xCB9;&#xCC7;&#xCB3;&#xCC1;&#xCB5;&#xCC1;&#xCA6;&#xCB0; &#xCAC;&#xCA6;&#xCB2;&#xCC1; &#xC8E;&#xCB2;&#xCCD;&#xCB2;&#xCB5;&#xCC2; &#xC87;&#xCA6;&#xCC6; &#xC8E;&#xC82;&#xCA6;&#xCC1; &#xCB9;&#xCC7;&#xCB3;&#xCBF;&#xCA6;&#xCB0;&#xCC6; &#xCB8;&#xCBE;&#xC95;&#xCC1;.</subfield>
  </datafield>
  <datafield tag="650" ind1=" " ind2=" ">
    <subfield code="a">kannada Fiction</subfield>
    <subfield code="9">216589</subfield>
  </datafield>
  <datafield tag="942" ind1=" " ind2=" ">
    <subfield code="2">ddc</subfield>
    <subfield code="c">DB</subfield>
  </datafield>
  <datafield tag="999" ind1=" " ind2=" ">
    <subfield code="c">234564</subfield>
    <subfield code="d">234564</subfield>
  </datafield>
  <datafield tag="952" ind1=" " ind2=" ">
    <subfield code="0">0</subfield>
    <subfield code="1">0</subfield>
    <subfield code="2">ddc</subfield>
    <subfield code="4">0</subfield>
    <subfield code="7">0</subfield>
    <subfield code="8">KAN</subfield>
    <subfield code="a">AL</subfield>
    <subfield code="b">AL</subfield>
    <subfield code="d">2025-06-11</subfield>
    <subfield code="l">0</subfield>
    <subfield code="o">K894.3 PUTU</subfield>
    <subfield code="p">D06330</subfield>
    <subfield code="r">2025-06-30 11:51:04</subfield>
    <subfield code="w">2025-06-30</subfield>
    <subfield code="y">DB</subfield>
    <subfield code="z">Donated by Patha Darshini Seva Trust (R)</subfield>
  </datafield>
</record>
